LEADER 00927nam0-22003251i-450- 001 990003854670403321 005 20080115095207.0 010 $a0-631-12700-3 035 $a000385467 035 $aFED01000385467 035 $a(Aleph)000385467FED01 035 $a000385467 100 $a20030910d--------km-y0itay50------ba 101 0 $aita 102 $aIT 200 1 $a<>System of Industrial Relations in Great Britain$fH.A. Clegg. 210 $aOxford$cBSSil Blackwell$d1970. 215 $ax, 484 p.$d22 cm 610 0 $aGran Bretagna$aRelazioni industriali 676 $aF/1.402 676 $aG/2.40 676 $aG/2.43 700 1$aClegg,$bHugh Armstrong$f<1920-1995>$0249860 801 0$aIT$bUNINA$gRICA$2UNIMARC 901 $aBK 912 $a990003854670403321 952 $aF/1.402 CLE$b043503$fSES 959 $aSES 996 $aSystem of Industrial Relations in Great Britain$9514886 997 $aUNINA LEADER 01166nam--2200385---450- 001 990000989710203316 005 20050518162837.0 010 $a0-335-15264-3 035 $a0098971 035 $aUSA010098971 035 $a(ALEPH)000098971USA01 035 $a0098971 100 $a20020225d1988----km-y0itay0103----ba 101 $aeng 105 $a||||||||001yy 200 1 $aTristam Shandy$fRuth Whittaker 210 $aMilton Keynes$cOpen university press$dc1988 215 $aIX, 100 p.$cill.$d23 cm 225 2 $aOpen guides to literature 410 $12001$aOpen guides to literature 606 0 $aSterne, Lawrence$xLife and opinions of Tristam Shandy 676 $a823.6 700 1$aWHITTAKER,$bRuth$0166399 801 0$aIT$bsalbc$gISBD 912 $a990000989710203316 951 $aVII.3.B. 146 (IL i I 251)$b70768 EC$cIL i I 959 $aBK 969 $aUMA 979 $aPATTY$b90$c20020225$lUSA01$h1647 979 $aPATTY$b90$c20020225$lUSA01$h1647 979 $c20020403$lUSA01$h1740 979 $aPATRY$b90$c20040406$lUSA01$h1708 979 $aCOPAT4$b90$c20050518$lUSA01$h1628 996 $aTristam Shandy$9975611 997 $aUNISA